000
00210 a2200097 4500
001
49446
100
_a
Heyer
245
_a
These Old Shades
260
_a
London
_b
William Heineman Ltd
_c
090
_c
31980
_d
31980
942
_a
NUST-CAE
_c
M
_c
24425
999
_c
284519
_d
284519